The journal of economic perspectives (Record no. 38687)
[ view plain ]
| 000 -LEADER | |
|---|---|
| fixed length control field | 00438nam a2200157Ia 4500 |
| 022 ## - INTERNATIONAL STANDARD SERIAL NUMBER | |
| ISSN | 08953309 |
| 050 ## - CALL MARK | |
| Classification number | HB 1 .J643 K10 .O8.E38/ |
| 245 #4 - TITLE STATEMENT | |
| Title | The journal of economic perspectives |
| 260 ## - PUBLICATION, DISTRIBUTION, ETC. (IMPRINT) | |
| Name of publisher | American Economic Association |
| 260 ## - PUBLICATION, DISTRIBUTION, ETC. (IMPRINT) | |
| Year of publication | 2004 |
| 300 ## - PHYSICAL DESCRIPTION | |
| Number of Pages | v. , 246 p. : ill. ; 26 cm. |
| 650 ## - SUBJECT ADDED ENTRY--TOPICAL TERM | |
| Topical Term | Economics--Periodicals. Economie. |
| 942 ## - ADDED ENTRY ELEMENTS (KOHA) | |
| Koha item type | Serials |
No items available.